[Event "Paul Keres mem (28th)"]
[Site "Vancouver CAN"]
[Date "2003.05.16"]
[Round "1"]
[White "Van Riemsdijk, Herman"]
[Black "Schuetzhold, Ralf"]
[Result "1-0"]
[WhiteElo "2393"]
[BlackElo "2038"]
[PlyCount "87"]
[EventDate "2003.05.16"]
[EventType "swiss"]
[EventRounds "7"]
[EventCountry "CAN"]
[Source "Mark Crowther"]
[SourceDate "2003.05.26"]

1. e4 e6 2. d4 d5 3. Nc3 Bb4 4. e5 c5 5. a3 Bxc3+ 6. bxc3 Ne7 7. h4 Qc7 8. Nf3
Nbc6 9. h5 h6 10. Bd3 Bd7 11. O-O c4 12. Be2 O-O-O 13. Nh4 Rdg8 14. Bg4 f5 15.
exf6 gxf6 16. f4 f5 17. Bf3 Rg7 18. Qe2 Rhg8 19. Qe3 Nd8 20. a4 Nf7 21. Ba3 Nd6
22. Bxd6 Qxd6 23. Rfe1 Nc6 24. Ng6 Nd8 25. Kf2 Be8 26. Ne5 Rg3 27. Ng6 Rxf3+
28. gxf3 Bxg6 29. hxg6 Qe7 30. Rg1 Qh4+ 31. Ke2 Qh2+ 32. Qf2 Qxf4 33. Qg3 Qc7
34. Qxc7+ Kxc7 35. Rg2 Kd6 36. Rh1 Ke7 37. Rxh6 Kf6 38. g7+ Kf7 39. Rh8 Nc6 40.
Rxg8 Kxg8 41. Ke3 Ne7 42. Kf4 Kf7 43. Ke5 Ng8 44. Kd6 1-0

[Event "Paul Keres mem (28th)"]
[Site "Vancouver CAN"]
[Date "2003.05.16"]
[Round "1"]
[White "Yoos, John"]
[Black "Niksic, John"]
[Result "1-0"]
[WhiteElo "2426"]
[BlackElo "2058"]
[PlyCount "143"]
[EventDate "2003.05.16"]
[EventType "swiss"]
[EventRounds "7"]
[EventCountry "CAN"]
[Source "Mark Crowther"]
[SourceDate "2003.05.26"]

1. e4 e6 2. d4 d5 3. e5 c5 4. c3 Qb6 5. Nf3 Nc6 6. a3 c4 7. Nbd2 Na5 8. Be2 Bd7
9. O-O Ne7 10. Re1 Nec6 11. Rb1 Nb3 12. Nf1 Nxc1 13. Qxc1 Na5 14. Qf4 Be7 15.
Ng3 h5 16. Nd2 g5 17. Qe3 h4 18. Nh5 O-O-O 19. h3 Ba4 20. Rec1 Rhg8 21. Bg4 Nb3
22. Nxb3 Bxb3 23. Qe2 Kb8 24. Rf1 Qc6 25. Kh1 Qa4 26. Rbc1 a5 27. Nf6 Bxf6 28.
exf6 Qd7 29. Bh5 b5 30. f4 Ka7 31. Qe5 gxf4 32. Rxf4 Rg3 33. Rxh4 Rd3 34. Qg5
Qc7 35. Bf3 Kb6 36. Rh7 Rd7 37. Rg7 Qd6 38. Be2 b4 39. axb4 axb4 40. Bxd3 cxd3
41. Qd2 Bc2 42. Rxc2 dxc2 43. Qxc2 Qf4 44. Rg4 Qxf6 45. Kg1 Ra7 46. Qc1 Qf5 47.
Qf4 Ra1+ 48. Kh2 bxc3 49. Qd6+ Kb5 50. Rg8 Kc4 51. Qc5+ Kd3 52. Qxc3+ Ke2 53.
Rg3 Qf4 54. b4 Rd1 55. b5 e5 56. dxe5 d4 57. Qf3+ Qxf3 58. Rxf3 d3 59. Rxf7 d2
60. Rd7 Rb1 61. e6 Rxb5 62. Kg3 Re5 63. Kf4 Rxe6 64. h4 d1=Q 65. Rxd1 Kxd1 66.
g4 Ke2 67. g5 Kd3 68. Kf5 Ra6 69. g6 Kd4 70. g7 Ra8 71. h5 Kc4 72. h6 1-0

[Event "Paul Keres mem (28th)"]
[Site "Vancouver CAN"]
[Date "2003.05.17"]
[Round "2"]
[White "Balbutin, Nelson"]
[Black "Ferguson, Jim"]
[Result "1-0"]
[WhiteElo "1968"]
[BlackElo "2186"]
[PlyCount "75"]
[EventDate "2003.05.16"]
[EventType "swiss"]
[EventRounds "7"]
[EventCountry "CAN"]
[Source "Mark Crowther"]
[SourceDate "2003.05.26"]

1. e4 c5 2. Nf3 d6 3. d4 cxd4 4. Nxd4 Nf6 5. Nc3 a6 6. h3 e6 7. g4 h6 8. Bg2
Nc6 9. Be3 Bd7 10. Qe2 Qc7 11. f4 O-O-O 12. O-O-O Be7 13. Nb3 Be8 14. Qf2 Nd7
15. Na4 Kb8 16. Kb1 g5 17. f5 b5 18. Nc3 Nce5 19. Bf1 Rc8 20. a3 Nc5 21. Bd4
Rg8 22. Rh2 Ned7 23. Qg3 Nxb3 24. cxb3 Nc5 25. b4 Nd7 26. Rc2 e5 27. Bg1 Nf6
28. Qe3 Qb7 29. Rdc1 Bc6 30. Bd3 Rge8 31. Ka1 Bf8 32. Qe2 Ka8 33. a4 d5 34.
axb5 axb5 35. Bxb5 Bxb5 36. Qxb5 dxe4 37. Qa5+ Kb8 38. Nb5 1-0

[Event "Paul Keres mem (28th)"]
[Site "Vancouver CAN"]
[Date "2003.05.17"]
[Round "2"]
[White "Basanta, Gary"]
[Black "Moura, Eduardo"]
[Result "1-0"]
[WhiteElo "2410"]
[BlackElo "2146"]
[PlyCount "129"]
[EventDate "2003.05.16"]
[EventType "swiss"]
[EventRounds "7"]
[EventCountry "CAN"]
[Source "Mark Crowther"]
[SourceDate "2003.05.26"]

1. e4 c6 2. d4 d5 3. Nd2 dxe4 4. Nxe4 Bf5 5. Ng3 Bg6 6. f4 e6 7. Nf3 Nf6 8. Bc4
Nbd7 9. Qe2 Be7 10. O-O O-O 11. c3 c5 12. Kh1 cxd4 13. Nxd4 Re8 14. Nxe6 fxe6
15. f5 Bf7 16. fxe6 Bxe6 17. Bxe6+ Kh8 18. Bf7 Rf8 19. Bb3 Bc5 20. Bg5 h6 21.
Bf4 Re8 22. Qd2 Ne5 23. Rad1 Neg4 24. h3 Ne3 25. Bxe3 Bxe3 26. Qxd8 Raxd8 27.
Rxd8 Rxd8 28. Nf5 Bd2 29. Kh2 Re8 30. Bc4 h5 31. Rf2 Be1 32. Rf3 b6 33. Bf7 Rf8
34. Bg6 Rd8 35. Re3 Bd2 36. Re7 Rd7 37. Rxd7 Nxd7 38. Bxh5 Bc1 39. b3 Ne5 40.
Be2 Bb2 41. c4 Nc6 42. Kg3 Nd4 43. Nxd4 Bxd4 44. b4 Kg8 45. Kf4 Kf7 46. Ke4 Bc3
47. b5 Ke6 48. Bg4+ Kd6 49. Kf5 Ke7 50. Bf3 Bb2 51. h4 Bf6 52. h5 Bb2 53. g4
Bc3 54. a4 Kf7 55. Bd5+ Ke7 56. Kg6 Kf8 57. g5 Bd4 58. h6 gxh6 59. gxh6 Ke7 60.
h7 Bc3 61. c5 bxc5 62. a5 Kd6 63. b6 axb6 64. a6 Kc7 65. a7 1-0

[Event "Paul Keres mem (28th)"]
[Site "Vancouver CAN"]
[Date "2003.05.17"]
[Round "2"]
[White "Beqo, Besnik"]
[Black "Tang, Edward"]
[Result "0-1"]
[WhiteElo "2211"]
[BlackElo "1855"]
[PlyCount "68"]
[EventDate "2003.05.16"]
[EventType "swiss"]
[EventRounds "7"]
[EventCountry "CAN"]
[Source "Mark Crowther"]
[SourceDate "2003.05.26"]

1. e4 c5 2. Nf3 d6 3. d4 cxd4 4. Nxd4 Nf6 5. Nc3 g6 6. Be3 Bg7 7. f3 Nc6 8. Qd2
O-O 9. O-O-O Nxd4 10. Bxd4 Be6 11. Kb1 Qc7 12. g4 Rfc8 13. h4 Qa5 14. h5 Rxc3
15. Qxc3 Qxa2+ 16. Kc1 Bxg4 17. Bg2 Rc8 18. Qe3 Bxh5 19. Rd3 b6 20. Ra3 Qc4 21.
Rc3 Qa6 22. Rxc8+ Qxc8 23. Rd1 Nd7 24. Bxg7 Kxg7 25. Bh3 Qc5 26. Rd4 Ne5 27. f4
Nc6 28. Rd3 Nb4 29. Qd4+ e5 30. Qxc5 Nxd3+ 31. cxd3 bxc5 32. fxe5 dxe5 33. Kd2
Kf6 34. Ke3 Ke7 0-1

[Event "Paul Keres mem (28th)"]
[Site "Vancouver CAN"]
[Date "2003.05.17"]
[Round "2"]
[White "Chan, James"]
[Black "Poitras, Luc"]
[Result "1/2-1/2"]
[WhiteElo "1965"]
[BlackElo "2233"]
[PlyCount "29"]
[EventDate "2003.05.16"]
[EventType "swiss"]
[EventRounds "7"]
[EventCountry "CAN"]
[Source "Mark Crowther"]
[SourceDate "2003.05.26"]

1. d4 Nf6 2. c4 e6 3. Nf3 b6 4. a3 Bb7 5. Nc3 d5 6. cxd5 exd5 7. g3 Bd6 8. Bg2
O-O 9. O-O a6 10. Re1 Ne4 11. Nd2 f5 12. Qb3 Nxc3 13. bxc3 c6 14. e4 Re8 15. e5
1/2-1/2

[Event "Paul Keres mem (28th)"]
[Site "Vancouver CAN"]
[Date "2003.05.17"]
[Round "2"]
[White "Collins, Casey"]
[Black "Pacheco, Sigfrido"]
[Result "0-1"]
[WhiteElo "1683"]
[BlackElo "2115"]
[PlyCount "76"]
[EventDate "2003.05.16"]
[EventType "swiss"]
[EventRounds "7"]
[EventCountry "CAN"]
[Source "Mark Crowther"]
[SourceDate "2001.05.14"]

1. d4 Nf6 2. c4 g6 3. Nf3 Bg7 4. Nc3 O-O 5. e3 c5 6. d5 d6 7. Be2 e5 8. e4 Nbd7
9. h3 a6 10. Be3 Rb8 11. a3 b5 12. cxb5 axb5 13. Qc2 b4 14. axb4 Rxb4 15. Ra4
Qb6 16. Rxb4 Qxb4 17. O-O Bb7 18. Ra1 Ra8 19. Rxa8+ Bxa8 20. Nd2 Bb7 21. Nc4
Bf8 22. Qa4 Qxa4 23. Nxa4 Nxe4 24. Ncb6 Nxb6 25. Nxb6 f5 26. f4 Bh6 27. Bb5
exf4 28. Bc1 Kf7 29. Bc6 Ba6 30. Na8 f3 31. gxf3 Bxc1 32. fxe4 Bxb2 33. exf5
gxf5 34. Nc7 Bd3 35. Ne6 Kf6 36. Kf2 Ke5 37. Ke3 Be4 38. Nc7 f4+ 0-1

[Event "Paul Keres mem (28th)"]
[Site "Vancouver CAN"]
[Date "2003.05.17"]
[Round "2"]
[White "Fleming, Balin"]
[Black "Bouvier, Jesse"]
[Result "1/2-1/2"]
[WhiteElo "1974"]
[BlackElo "2081"]
[PlyCount "57"]
[EventDate "2003.05.16"]
[EventType "swiss"]
[EventRounds "7"]
[EventCountry "CAN"]
[Source "Mark Crowther"]
[SourceDate "2003.05.26"]

1. e4 c5 2. Nf3 Nc6 3. d4 cxd4 4. Nxd4 Qb6 5. Nb3 Nf6 6. Nc3 e6 7. Be3 Qc7 8.
a3 a6 9. Be2 b5 10. Bf3 Ne5 11. Bf4 d6 12. O-O Bb7 13. Nd4 Be7 14. Re1 h6 15.
a4 Nxf3+ 16. gxf3 e5 17. Nf5 exf4 18. Nd5 Bxd5 19. exd5 O-O 20. Nxe7+ Kh8 21.
Qd4 Qc4 22. Qxc4 bxc4 23. Rad1 Rab8 24. Rd4 Rfe8 25. Kf1 Rxb2 26. Rxc4 Rb7 27.
Nf5 Rxe1+ 28. Kxe1 Nxd5 29. Nxd6 1/2-1/2

[Event "Paul Keres mem (28th)"]
[Site "Vancouver CAN"]
[Date "2003.05.17"]
[Round "2"]
[White "Franett, Michael"]
[Black "Martinson, Rick"]
[Result "1-0"]
[WhiteElo "2095"]
[BlackElo "1810"]
[PlyCount "63"]
[EventDate "2003.05.16"]
[EventType "swiss"]
[EventRounds "7"]
[EventCountry "CAN"]
[Source "Mark Crowther"]
[SourceDate "2003.05.26"]

1. d4 Nf6 2. c4 g6 3. Nc3 Bg7 4. e4 d6 5. f4 O-O 6. Nf3 c5 7. d5 Na6 8. Bd3 Nc7
9. O-O a6 10. a4 Rb8 11. a5 Bd7 12. e5 Nfe8 13. h3 b5 14. axb6 Rxb6 15. Bc2 Qc8
16. Qe2 e6 17. Rd1 Na8 18. Ra3 Qc7 19. b3 Qc8 20. Be3 Rb4 21. Qd2 Nb6 22. Qe1
exd5 23. cxd5 Bf5 24. Bxf5 Qxf5 25. exd6 Bxc3 26. Qxc3 Nxd5 27. Qxc5 Rb5 28.
Qc1 Qd7 29. Bc5 Ndf6 30. Ne5 Qb7 31. d7 Rxc5 32. Qxc5 1-0

[Event "Paul Keres mem (28th)"]
[Site "Vancouver CAN"]
[Date "2003.05.17"]
[Round "2"]
[White "Griffiths, Morgan"]
[Black "Jung, William"]
[Result "1-0"]
[WhiteElo "2181"]
[BlackElo "1808"]
[PlyCount "57"]
[EventDate "2003.05.16"]
[EventType "swiss"]
[EventRounds "7"]
[EventCountry "CAN"]
[Source "Mark Crowther"]
[SourceDate "2003.05.26"]

1. d4 d5 2. c4 e6 3. Nc3 Nf6 4. cxd5 exd5 5. Bg5 Be7 6. e3 a6 7. Bd3 Nc6 8. Rc1
Be6 9. Nf3 Rc8 10. O-O O-O 11. Ne5 Nxe5 12. dxe5 Ne8 13. Bxe7 Qxe7 14. Bb1 c6
15. e4 Rd8 16. exd5 Bxd5 17. Qd3 g6 18. Qg3 Ng7 19. f4 Nh5 20. Nxd5 Rxd5 21.
Qc3 Rfd8 22. Be4 Rd4 23. Rce1 Qb4 24. Qf3 Rd2 25. f5 Qc5+ 26. Kh1 Ng7 27. fxg6
hxg6 28. Qxf7+ Kh8 29. e6 1-0

[Event "Paul Keres mem (28th)"]
[Site "Vancouver CAN"]
[Date "2003.05.17"]
[Round "2"]
[White "Ivankovic, Goran"]
[Black "Meng, Fanhao"]
[Result "0-1"]
[WhiteElo "1993"]
[BlackElo "2211"]
[PlyCount "36"]
[EventDate "2003.05.16"]
[EventType "swiss"]
[EventRounds "7"]
[EventCountry "CAN"]
[Source "Mark Crowther"]
[SourceDate "2003.05.26"]

1. Nf3 d5 2. d4 Nf6 3. e3 Bf5 4. Bd3 Ne4 5. Nbd2 e6 6. Qe2 Bd6 7. c3 O-O 8. Nf1
Bg4 9. Ng3 f5 10. Qc2 h5 11. Bd2 h4 12. Ne2 h3 13. Ne5 hxg2 14. Rg1 Bxe5 15.
dxe5 Bf3 16. Nf4 Qh4 17. Bxe4 fxe4 18. c4 Rxf4 0-1

[Event "Paul Keres mem (28th)"]
[Site "Vancouver CAN"]
[Date "2003.05.17"]
[Round "2"]
[White "Kosinski, George"]
[Black "Tegzes, Laszlo"]
[Result "0-1"]
[WhiteElo "2001"]
[BlackElo "2178"]
[PlyCount "73"]
[EventDate "2003.05.16"]
[EventType "swiss"]
[EventRounds "7"]
[EventCountry "CAN"]
[Source "Mark Crowther"]
[SourceDate "2003.05.26"]

1. Nf3 Nf6 2. g3 g6 3. Bg2 Bg7 4. O-O d6 5. d3 O-O 6. Nbd2 c5 7. e4 Nc6 8. Re1
Rb8 9. Nf1 e5 10. Bg5 h6 11. Bxf6 Bxf6 12. h4 Bg7 13. N3h2 b5 14. Ne3 Ne7 15.
h5 f5 16. hxg6 f4 17. gxf4 exf4 18. Nf5 Bxf5 19. exf5 Nxf5 20. Bd5+ Kh8 21. Rb1
Nh4 22. Bf7 Qg5+ 23. Qg4 Nf3+ 24. Kg2 Nxe1+ 25. Rxe1 f3+ 26. Kxf3 Qd5+ 27. Qe4
Rxf7+ 28. gxf7 Qxf7+ 29. Kg2 Rg8 30. Kf1 Bd4 31. Nf3 Rf8 32. Qh4 Bg7 33. Nd2
Qxa2 34. Re7 Qxb2 35. Ne4 Qa1+ 36. Kg2 Qd4 37. f3 0-1

[Event "Paul Keres mem (28th)"]
[Site "Vancouver CAN"]
[Date "2003.05.17"]
[Round "2"]
[White "Kostadinov, Georgi"]
[Black "Harris, Philip"]
[Result "1-0"]
[WhiteElo "2188"]
[BlackElo "1998"]
[PlyCount "55"]
[EventDate "2003.05.16"]
[EventType "swiss"]
[EventRounds "7"]
[EventCountry "CAN"]
[Source "Mark Crowther"]
[SourceDate "2003.05.26"]

1. d4 Nf6 2. Bg5 d5 3. Nc3 e6 4. Nf3 Nbd7 5. Qd3 Be7 6. Bxf6 Bxf6 7. e4 dxe4 8.
Nxe4 Qe7 9. O-O-O O-O 10. Kb1 b6 11. h4 Bb7 12. Neg5 g6 13. Qe3 c5 14. c3 Rfe8
15. Bb5 Red8 16. h5 cxd4 17. cxd4 Nf8 18. hxg6 hxg6 19. Ne4 Rd5 20. Bc4 Rdd8
21. Ne5 Bd5 22. Ng4 Bxe4+ 23. Qxe4 Rac8 24. Ba6 Rc7 25. Qf4 Bg5 26. Qh2 f5 27.
Qh8+ Kf7 28. Rh7+ 1-0

[Event "Paul Keres mem (28th)"]
[Site "Vancouver CAN"]
[Date "2003.05.17"]
[Round "2"]
[White "Krzyzowski, Ernest"]
[Black "Neufahrt, Gerhard"]
[Result "0-1"]
[WhiteElo "1811"]
[BlackElo "2044"]
[PlyCount "42"]
[EventDate "2003.05.16"]
[EventType "swiss"]
[EventRounds "7"]
[EventCountry "CAN"]
[Source "Mark Crowther"]
[SourceDate "2003.05.26"]

1. c4 e5 2. Nc3 Nf6 3. Nf3 Nc6 4. e4 Bc5 5. Nxe5 Nxe5 6. d4 Bd6 7. dxe5 Bxe5 8.
Bd3 d6 9. Be3 Ng4 10. Bd2 Bd4 11. Be3 Nxe3 12. fxe3 Bxe3 13. Qf3 Qg5 14. Nd5
Bd2+ 15. Kf1 O-O 16. h4 Qe5 17. Nxc7 f5 18. Ke2 Ba5 19. Nd5 Qxb2+ 20. Ke3 f4+
21. Nxf4 Bb6+ 0-1

[Event "Paul Keres mem (28th)"]
[Site "Vancouver CAN"]
[Date "2003.05.17"]
[Round "2"]
[White "Milicevic, Dragoljub"]
[Black "Davies, Lucas"]
[Result "1-0"]
[WhiteElo "2224"]
[BlackElo "1980"]
[PlyCount "53"]
[EventDate "2003.05.16"]
[EventType "swiss"]
[EventRounds "7"]
[EventCountry "CAN"]
[Source "Mark Crowther"]
[SourceDate "2003.05.26"]

1. g3 Nf6 2. Bg2 e6 3. e4 d5 4. e5 Nfd7 5. Nf3 c5 6. O-O Nc6 7. Re1 Be7 8. d3
O-O 9. h4 b6 10. Bf4 Bb7 11. Nbd2 Qc7 12. c3 Ba6 13. Nf1 b5 14. a3 Rfb8 15.
N1h2 c4 16. d4 Bc8 17. Ng5 Qd8 18. Qh5 Bxg5 19. hxg5 a5 20. Ng4 b4 21. Nf6+
Nxf6 22. exf6 gxf6 23. gxf6 Qxf6 24. Bxd5 Bd7 25. Be4 Qg7 26. Bh6 Qf6 27. Bxh7+
1-0

[Event "Paul Keres mem (28th)"]
[Site "Vancouver CAN"]
[Date "2003.05.17"]
[Round "2"]
[White "Neven, Knut"]
[Black "Booker, Brad"]
[Result "1-0"]
[WhiteElo "2305"]
[BlackElo "2116"]
[PlyCount "93"]
[EventDate "2003.05.16"]
[EventType "swiss"]
[EventRounds "7"]
[EventCountry "CAN"]
[Source "Mark Crowther"]
[SourceDate "2003.05.26"]

1. d4 Nf6 2. c4 g6 3. Nc3 Bg7 4. e4 d6 5. h3 O-O 6. Bd3 Nc6 7. Nge2 e5 8. d5
Nd4 9. Bg5 h6 10. Be3 c5 11. dxc6 bxc6 12. Qd2 Nxe2 13. Bxe2 Qa5 14. O-O Rd8
15. Bxh6 Be6 16. Bxg7 Kxg7 17. Rad1 Rab8 18. b3 Qc5 19. Bf3 a5 20. Rfe1 Qb4 21.
Re3 Rd7 22. Rd3 Rbd8 23. Na4 Qa3 24. Qc3 Qb4 25. g4 g5 26. Kg2 Kg6 27. a3 Qxc3
28. Nxc3 Ne8 29. Na4 Kf6 30. Nb6 Rb7 31. c5 Ke7 32. b4 axb4 33. axb4 Kf6 34.
R1d2 Rdb8 35. Kg3 Ke7 36. Kg2 Kf6 37. Bd1 Rxb6 38. cxb6 Rxb6 39. Ba4 Ra6 40.
Bb3 Bd7 41. Rf3+ Ke7 42. Rxf7+ Kd8 43. Ra2 Nc7 44. h4 gxh4 45. g5 h3+ 46. Kh2
Rb6 47. g6 1-0

[Event "Paul Keres mem (28th)"]
[Site "Vancouver CAN"]
[Date "2003.05.17"]
[Round "2"]
[White "Niksic, John"]
[Black "Azmitia, Eduardo"]
[Result "1-0"]
[WhiteElo "2058"]
[BlackElo "1794"]
[PlyCount "143"]
[EventDate "2003.05.16"]
[EventType "swiss"]
[EventRounds "7"]
[EventCountry "CAN"]
[Source "Mark Crowther"]
[SourceDate "2003.05.26"]

1. d4 Nf6 2. Nf3 e6 3. g3 Bb4+ 4. c3 Be7 5. Bg2 O-O 6. O-O d5 7. c4 c6 8. Nc3
Nbd7 9. b3 Qa5 10. Qc2 Ba3 11. Bd2 Bb4 12. a3 Bxc3 13. Bxc3 Qc7 14. c5 b5 15.
b4 Ne4 16. Bb2 a5 17. Ne1 Nef6 18. Nd3 Bb7 19. f3 a4 20. Rad1 Rae8 21. e3 Kh8
22. Qf2 Ng8 23. e4 Ndf6 24. e5 Nd7 25. f4 f5 26. exf6 Ngxf6 27. Rde1 Qd8 28.
Qc2 Qe7 29. Re2 Qf7 30. Rfe1 Ng4 31. h3 Nh6 32. g4 Re7 33. Re3 Rfe8 34. Qf2 g6
35. R1e2 Bc8 36. Bc3 Qg7 37. Rf3 Nf7 38. g5 Nf8 39. Qe1 Bd7 40. Nf2 Bc8 41.
Rfe3 h5 42. h4 Nd8 43. Bh3 Qf7 44. Nd3 Nd7 45. Qa1 Kg8 46. Be1 Kh7 47. Bg3 Qg7
48. Kf1 Nb8 49. Ke1 Nf7 50. Kd2 Na6 51. Kc3 e5 52. Bxc8 exd4+ 53. Kc2 Rxe3 54.
Rxe3 Nxb4+ 55. axb4 Rxe3 56. Bf2 Re2+ 57. Kd1 Re4 58. Kd2 Qf8 59. Bh3 Nd8 60.
Bg2 Re8 61. Bxd4 Ne6 62. Be5 Qf5 63. Qf1 Ra8 64. Bh3 Qf7 65. f5 Ng7 66. Bf6
Nxf5 67. Bxf5 gxf5 68. Ne5 Kg8 69. Nxf7 Kxf7 70. Qxf5 a3 71. g6+ Ke8 72. Qe6+
1-0

[Event "Paul Keres mem (28th)"]
[Site "Vancouver CAN"]
[Date "2003.05.17"]
[Round "2"]
[White "North, Robert"]
[Black "Orlov, Georgi"]
[Result "0-1"]
[WhiteElo "2156"]
[BlackElo "2583"]
[PlyCount "62"]
[EventDate "2003.05.16"]
[EventType "swiss"]
[EventRounds "7"]
[EventCountry "CAN"]
[Source "Mark Crowther"]
[SourceDate "2003.05.26"]

1. c4 Nf6 2. g3 g6 3. Bg2 Bg7 4. Nc3 O-O 5. e4 d6 6. Nge2 c5 7. O-O Nc6 8. h3
Ne8 9. d3 a6 10. f4 e6 11. Be3 Nd4 12. Bf2 Rb8 13. Nxd4 cxd4 14. Ne2 e5 15. a4
f5 16. exf5 gxf5 17. b4 Nc7 18. Rc1 Ne6 19. Kh2 Kh8 20. Bd5 Bd7 21. Bxe6 Bxe6
22. c5 dxc5 23. Rxc5 e4 24. Re5 Bxe5 25. fxe5 e3 26. Be1 Qd5 27. Rf4 Qa2 28.
Kg1 Bb3 29. Nc1 Qb1 30. Qxb3 Qxc1 31. Kf1 Rbe8 0-1

[Event "Paul Keres mem (28th)"]
[Site "Vancouver CAN"]
[Date "2003.05.17"]
[Round "2"]
[White "Oszvald, Joseph"]
[Black "Van Riemsdijk, Herman"]
[Result "1/2-1/2"]
[WhiteElo "2097"]
[BlackElo "2393"]
[PlyCount "43"]
[EventDate "2003.05.16"]
[EventType "swiss"]
[EventRounds "7"]
[EventCountry "CAN"]
[Source "Mark Crowther"]
[SourceDate "2003.05.26"]

1. c4 Nf6 2. Nc3 e5 3. g3 d5 4. cxd5 Nxd5 5. Bg2 Nb6 6. Nf3 Nc6 7. b3 f5 8. d3
Be7 9. Bb2 O-O 10. O-O Be6 11. Rc1 Bf6 12. e3 Nb4 13. Ne1 c6 14. a3 N4d5 15.
Ne2 Qe8 16. e4 Ne7 17. Nf3 Ng6 18. Qc2 Rd8 19. d4 fxe4 20. Nxe5 Bxe5 21. dxe5
Bd5 22. Bxe4 1/2-1/2

[Event "Paul Keres mem (28th)"]
[Site "Vancouver CAN"]
[Date "2003.05.17"]
[Round "2"]
[White "Schuetzhold, Ralf"]
[Black "Angelvette, Duane"]
[Result "1-0"]
[WhiteElo "2038"]
[BlackElo "1670"]
[PlyCount "53"]
[EventDate "2003.05.16"]
[EventType "swiss"]
[EventRounds "7"]
[EventCountry "CAN"]
[Source "Mark Crowther"]
[SourceDate "2003.05.26"]

1. e4 e5 2. Nf3 Nc6 3. d4 exd4 4. Bc4 Nf6 5. O-O Bc5 6. e5 d5 7. exf6 dxc4 8.
fxg7 Rg8 9. Re1+ Be6 10. Ng5 Qd5 11. Rxe6+ fxe6 12. Qh5+ Kd7 13. Qf7+ Ne7 14.
Nxh7 Qe5 15. Nf6+ Kc6 16. Nd2 Qe1+ 17. Nf1 Rad8 18. Nxg8 Nxg8 19. Bg5 Qxa1 20.
Bxd8 d3 21. cxd3 cxd3 22. Qxe6+ Bd6 23. Qe8+ Kb6 24. Qxg8 d2 25. Qb3+ Ka6 26.
g8=Q Bxh2+ 27. Kxh2 1-0

[Event "Paul Keres mem (28th)"]
[Site "Vancouver CAN"]
[Date "2003.05.17"]
[Round "2"]
[White "Spears, Nicholas"]
[Black "Leblanc, Paul"]
[Result "1-0"]
[WhiteElo "2212"]
[BlackElo "2000"]
[PlyCount "107"]
[EventDate "2003.05.16"]
[EventType "swiss"]
[EventRounds "7"]
[EventCountry "CAN"]
[Source "Mark Crowther"]
[SourceDate "2003.05.26"]

1. d4 d5 2. Nf3 c6 3. c4 Nf6 4. Nc3 a6 5. cxd5 cxd5 6. Bf4 e6 7. e3 Nc6 8. Bd3
Bd6 9. Ne5 Qc7 10. Qa4 O-O 11. Nxc6 Bxf4 12. exf4 bxc6 13. Ne2 c5 14. Rc1 Bd7
15. Qa3 c4 16. Bb1 Qb6 17. O-O Rfb8 18. Rc2 Ne4 19. Qh3 Ba4 20. Rxc4 Bb5 21.
Rc2 Rc8 22. Rfc1 Rxc2 23. Rxc2 Bxe2 24. Rxe2 Qxd4 25. Qe3 Rc8 26. Bxe4 Qxe3 27.
fxe3 dxe4 28. Kf2 Kf8 29. Ke1 Ke7 30. Kd1 e5 31. fxe5 Ke6 32. Rc2 Rxc2 33. Kxc2
Kxe5 34. b4 g5 35. g4 f5 36. gxf5 Kxf5 37. a4 Ke5 38. b5 axb5 39. axb5 Kd5 40.
Kc3 Kc5 41. b6 Kxb6 42. Kd4 Kc6 43. Kxe4 Kd6 44. Kf5 h6 45. Kg6 Ke5 46. Kxh6
Kf5 47. Kh5 g4 48. Kh4 Ke4 49. Kxg4 Kxe3 50. h4 Ke4 51. h5 Ke5 52. Kg5 Ke6 53.
Kg6 Ke7 54. Kg7 1-0

[Event "Paul Keres mem (28th)"]
[Site "Vancouver CAN"]
[Date "2003.05.17"]
[Round "2"]
[White "Stanford, Mike"]
[Black "Kerry, James"]
[Result "1-0"]
[WhiteElo "2192"]
[BlackElo "2016"]
[PlyCount "71"]
[EventDate "2003.05.16"]
[EventType "swiss"]
[EventRounds "7"]
[EventCountry "CAN"]
[Source "Mark Crowther"]
[SourceDate "2003.05.26"]

1. e4 c5 2. Nf3 d6 3. d4 cxd4 4. Nxd4 Nf6 5. Nc3 a6 6. Bg5 e6 7. f4 Nc6 8. Nxc6
bxc6 9. e5 h6 10. Bh4 g5 11. fxg5 Nd5 12. Ne4 Be7 13. exd6 Bxd6 14. Qd4 Rg8 15.
Nxd6+ Qxd6 16. gxh6 e5 17. h7 Rh8 18. Bg3 exd4 19. Bxd6 Ne3 20. Bd3 Bf5 21.
Bxf5 Nxf5 22. Be5 Rxh7 23. O-O-O O-O-O 24. Bf4 Ne3 25. Bxe3 dxe3 26. Rxd8+ Kxd8
27. Kd1 f5 28. g3 Rd7+ 29. Ke2 Rd2+ 30. Kxe3 Rxc2 31. Rd1+ Ke7 32. Rd2 Rc4 33.
b3 Rg4 34. Rd4 Rg5 35. Ra4 a5 36. Kf4 1-0

[Event "Paul Keres mem (28th)"]
[Site "Vancouver CAN"]
[Date "2003.05.17"]
[Round "2"]
[White "Steininger, Gavin"]
[Black "Mandic, Slaven"]
[Result "0-1"]
[WhiteElo "1869"]
[BlackElo "2037"]
[PlyCount "60"]
[EventDate "2003.05.16"]
[EventType "swiss"]
[EventRounds "7"]
[EventCountry "CAN"]
[Source "Mark Crowther"]
[SourceDate "2003.05.26"]

1. e4 g6 2. d4 Bg7 3. Nc3 c6 4. Bc4 b5 5. Bb3 d6 6. Qf3 e6 7. Nge2 Ne7 8. Bg5
a5 9. a3 O-O 10. h4 f6 11. Be3 d5 12. h5 g5 13. Qg3 h6 14. f4 Kh8 15. fxg5 fxg5
16. e5 Nf5 17. Qf2 Nxd4 18. Qg1 Nxe2 19. Kxe2 Ba6 20. Kd2 d4 21. Rd1 dxc3+ 22.
Kc1 cxb2+ 23. Kb1 Qe8 24. Bc5 Rf7 25. Rd6 Bc8 26. Qd1 Rd7 27. Qe2 Rxd6 28. Bxd6
Nd7 29. Rf1 b4 30. Qe4 Nf8 0-1

[Event "Paul Keres mem (28th)"]
[Site "Vancouver CAN"]
[Date "2003.05.17"]
[Round "2"]
[White "Stephens, Desmond"]
[Black "Chapman, Erik"]
[Result "0-1"]
[WhiteElo "1761"]
[BlackElo "2021"]
[PlyCount "148"]
[EventDate "2003.05.16"]
[EventType "swiss"]
[EventRounds "7"]
[EventCountry "CAN"]
[Source "Mark Crowther"]
[SourceDate "2003.05.26"]

1. d4 f5 2. c4 Nf6 3. Nc3 e6 4. e3 Bb4 5. a3 Bxc3+ 6. bxc3 b6 7. Nf3 Bb7 8. Be2
O-O 9. Qc2 d6 10. O-O Nbd7 11. Ng5 Qe7 12. Bf3 Bxf3 13. Nxf3 Ne4 14. Nd2 Ndf6
15. Nxe4 Nxe4 16. f3 Nf6 17. a4 a5 18. Bb2 Nh5 19. Rae1 Rf6 20. e4 f4 21. e5
Rh6 22. d5 dxe5 23. Rxe5 Qc5+ 24. Rf2 Qxc4 25. Qe4 Qxe4 26. fxe4 exd5 27. exd5
Nf6 28. Rxf4 Rd8 29. c4 Kf7 30. Ref5 Ke7 31. Bxf6+ gxf6 32. Re4+ Kd6 33. Rf1
Rd7 34. g3 Kc5 35. Rb1 f5 36. Rb5+ Kd6 37. Rf4 Rf6 38. Rb2 Re7 39. Kf2 Re4 40.
Kf3 Ke5 41. Re2 Kd4 42. Ra2 Rf7 43. Rc2 Kd3 44. Rc1 Re3+ 45. Kg2 Re2+ 46. Kh3
Kd2 47. Rcf1 Kc3 48. c5 bxc5 49. Rc1+ Rc2 50. Rxc2+ Kxc2 51. Rc4+ Kb3 52. Rxc5
Kxa4 53. Kh4 Kb4 54. Rc1 a4 55. Rb1+ Kc4 56. Ra1 Kxd5 57. Rxa4 c5 58. Kg5 c4
59. Kf4 Kd4 60. Ra8 Kd3 61. Rd8+ Kc2 62. Ke5 c3 63. Rc8 Kb2 64. Ke6 Rb7 65.
Kxf5 c2 66. h4 c1=Q 67. Rxc1 Kxc1 68. g4 Rb5+ 69. Kf6 Rb4 70. Kf5 Kd2 71. h5
Ke3 72. g5 Rh4 73. h6 Rf4+ 74. Ke5 Kf3 0-1